LIBRARY & INFORMATION CENTRE, KCAET, TAVANUR

ONLINE PUBLIC ACCESS CATALOGUE (OPAC)

Mrugasamrakshana Tatvangal / (Record no. 10862)

MARC details
000 -LEADER
fixed length control field 00293cam a2200109ua 4500
082 ## - DEWEY DECIMAL CLASSIFICATION NUMBER
Classification number 636
Item number GEO/MRU
100 ## - MAIN ENTRY--AUTHOR NAME
Personal name George, Mathen .
245 ## - TITLE STATEMENT
Title Mrugasamrakshana Tatvangal /
260 ## - PUBLICATION, DISTRIBUTION, ETC. (IMPRINT)
Place of publication Thiruvananthapuram :
Name of publisher State Instititute of Languages ,
Year of publication 1973.
300 ## - PHYSICAL DESCRIPTION
Number of Pages 384 ; .
942 ## - ADDED ENTRY ELEMENTS (KOHA)
Koha item type Books
Holdings
Withdrawn status Lost status Damaged status Home library Current library Date acquired Full call number Accession Number Koha item type
      KAUAET KAUAET 07/04/2012 636 13562 Books
      KAUAET KAUAET 07/04/2012 636 13572 Books
      KAUAET KAUAET 07/04/2012 636 13573 Books
      KAUAET KAUAET 07/04/2012 636 13578 Books
      KAUAET KAUAET 07/04/2012 636 13564 Books
      KAUAET KAUAET 07/04/2012 636 13565 Books
      KAUAET KAUAET 07/04/2012 636 13566 Books
      KAUAET KAUAET 07/04/2012 636 13561 Books
      KAUAET KAUAET 07/04/2012 636 13570 Books
      KAUAET KAUAET 07/04/2012 636 13553 Books
      KAUAET KAUAET 07/04/2012 636 13554 Books
      KAUAET KAUAET 07/04/2012 636 13569 Books
      KAUAET KAUAET 07/04/2012 636 13575 Books
      KAUAET KAUAET 07/04/2012 636 13871 Books
      KAUAET KAUAET 07/04/2012 636 13577 Books
      KAUAET KAUAET 07/04/2012 636 13576 Books
      KAUAET KAUAET 07/04/2012 636 13827 Books
      KAUAET KAUAET 07/04/2012 636 13571 Books
      KAUAET KAUAET 07/04/2012 636 13574 Books
      KAUAET KAUAET 07/04/2012 636 13567 Books
      KAUAET KAUAET 07/04/2012 636 13563 Books
      KAUAET KAUAET 07/04/2012 636 14046 Books
free website counter